| 000 -LEADER |
| fixed length control field |
00778nam a2200229Ia 4500 |
| 001 - CONTROL NUMBER |
| control field |
17885 |
| 003 - CONTROL NUMBER IDENTIFIER |
| control field |
GE_BSU |
| 008 - FIXED-LENGTH DATA ELEMENTS--GENERAL INFORMATION |
| fixed length control field |
181216s||||||||xx |||||||||||||| ||und|| |
| 020 ## - INTERNATIONAL STANDARD BOOK NUMBER |
| International Standard Book Number |
5724505274 |
| 040 ## - CATALOGING SOURCE |
| Transcribing agency |
GE_BSU |
| 080 ## - UNIVERSAL DECIMAL CLASSIFICATION NUMBER |
| Universal Decimal Classification number |
661:54(085.6) |
| 245 ## - TITLE STATEMENT |
| Title |
Химические реактивы и высокочистые химические вещества. |
| 245 ## - TITLE STATEMENT |
| Remainder of title |
Каталог. |
| 245 ## - TITLE STATEMENT |
| Statement of responsibility, etc. |
Гольдина, О.А. Кузнецов,Ю.С. Иванова,Т.Г. и др. |
| 250 ## - EDITION STATEMENT |
| Edition statement |
Изд. 3-е, перераб. и доп. |
| 260 ## - PUBLICATION, DISTRIBUTION, ETC. |
| Place of publication, distribution, etc. |
М. |
| 260 ## - PUBLICATION, DISTRIBUTION, ETC. |
| Name of publisher, distributor, etc. |
Химия. |
| 260 ## - PUBLICATION, DISTRIBUTION, ETC. |
| Date of publication, distribution, etc. |
1990. |
| 300 ## - PHYSICAL DESCRIPTION |
| Extent |
688 стр. 24 см. |
| 653 ## - INDEX TERM--UNCONTROLLED |
| Uncontrolled term |
Химические реактивы и высокочистые химические вещества. |
| 942 ## - ADDED ENTRY ELEMENTS (KOHA) |
| Koha item type |
წიგნი |